[Event "PAR-ch"]
[Site "Asuncion"]
[Date "2016.12.07"]
[Round "3"]
[White "Delgado Ramirez, Neuris"]
[Black "Cubas, Jose Fernando"]
[Result "1/2-1/2"]
[WhiteElo "2617"]
[BlackElo "2469"]
[PlyCount "62"]
[EventDate "2016.12.05"]
[EventType "tourn"]
[EventRounds "9"]
[EventCountry "PAR"]
[EventCategory "5"]
[SourceTitle "CBM 176 Extra"]
[Source "ChessBase"]
[SourceDate "2017.03.02"]
[SourceVersion "1"]
[SourceVersionDate "2017.03.02"]
[SourceQuality "1"]

1. e4 c5 2. Nf3 Nc6 3. Bb5 g6 4. O-O Bg7 5. Re1 e5 6. b4 cxb4 7. a3 Qb6 8. Bxc6
dxc6 9. axb4 Bg4 10. Nc3 Nf6 11. Ba3 O-O 12. Na4 Qc7 13. h3 Bxf3 14. Qxf3 Nh5
15. Nc3 Bh6 16. Red1 Rfd8 17. d3 Nf4 18. Bc1 Bg7 19. Be3 Ne6 20. Rdb1 b5 21.
Ra6 Qb7 22. Ra2 a6 23. Ne2 Rdc8 24. Nc3 Qc7 25. Rba1 Qe7 26. Rb1 Qc7 27. Rba1
Qe7 28. Rb1 Nd4 29. Qd1 Qd8 30. Rba1 Qe7 31. Rb1 Qc7 1/2-1/2

[Event "PAR-ch"]
[Site "Asuncion"]
[Date "2016.12.08"]
[Round "4"]
[White "Delgado Ramirez, Neuris"]
[Black "Latorre Lopez Moreira, Luis Matias"]
[Result "1-0"]
[WhiteElo "2617"]
[BlackElo "2354"]
[PlyCount "53"]
[EventDate "2016.12.05"]
[EventType "tourn"]
[EventRounds "9"]
[EventCountry "PAR"]
[EventCategory "5"]
[SourceTitle "CBM 176 Extra"]
[Source "ChessBase"]
[SourceDate "2017.03.02"]
[SourceVersion "1"]
[SourceVersionDate "2017.03.02"]
[SourceQuality "1"]

1. e4 e5 2. Nc3 Nf6 3. Bc4 Nxe4 4. Qh5 Nd6 5. Bb3 Nc6 6. Nb5 g6 7. Qf3 Nf5 8.
g4 d6 9. gxf5 Bxf5 10. Ne2 a6 11. Nbc3 Bg7 12. d3 O-O 13. h4 Qd7 14. Ne4 Kh8
15. Rg1 d5 16. h5 h6 17. hxg6 dxe4 18. Qh1 fxg6 19. dxe4 Bg4 20. Bxh6 Bh5 21.
Be3 Qe8 22. Ng3 Na5 23. Nxh5 gxh5 24. Qg2 Qd7 25. Be6 Qe7 26. Qg6 Bf6 27. Bf5
1-0

[Event "PAR-ch"]
[Site "Asuncion"]
[Date "2016.12.08"]
[Round "5"]
[White "Jodorcovsky Werjivker, Paulo"]
[Black "Delgado Ramirez, Neuris"]
[Result "0-1"]
[WhiteElo "2217"]
[BlackElo "2617"]
[PlyCount "74"]
[EventDate "2016.12.05"]
[EventType "tourn"]
[EventRounds "9"]
[EventCountry "PAR"]
[EventCategory "5"]
[SourceTitle "CBM 176 Extra"]
[Source "ChessBase"]
[SourceDate "2017.03.02"]
[SourceVersion "1"]
[SourceVersionDate "2017.03.02"]
[SourceQuality "1"]

1. d4 Nf6 2. c4 e6 3. Nc3 Bb4 4. e3 b6 5. Nge2 Bb7 6. a3 Be7 7. Nf4 d6 8. Be2
Nbd7 9. O-O O-O 10. b3 Re8 11. Bb2 Bf8 12. Bf3 c6 13. d5 cxd5 14. cxd5 e5 15.
Nh5 Nxh5 16. Bxh5 a6 17. Rc1 g6 18. Be2 Nf6 19. b4 Rc8 20. Qb3 h5 21. h3 Re7
22. Rfd1 Rec7 23. Qa4 Ra8 24. Qb3 Bg7 25. Bf3 Rac8 26. Qa2 Nh7 27. g3 f5 28.
Bg2 h4 29. g4 fxg4 30. hxg4 h3 31. Bxh3 Qh4 32. Bg2 Qxg4 33. Qb1 Ng5 34. Kf1
Rf8 35. Rd2 a5 36. b5 Bc8 37. Qxg6 Nf3 0-1

[Event "PAR-ch"]
[Site "Asuncion"]
[Date "2016.12.09"]
[Round "6"]
[White "Delgado Ramirez, Neuris"]
[Black "Bachmann, Axel"]
[Result "0-1"]
[WhiteElo "2617"]
[BlackElo "2620"]
[PlyCount "78"]
[EventDate "2016.12.05"]
[EventType "tourn"]
[EventRounds "9"]
[EventCountry "PAR"]
[EventCategory "5"]
[SourceTitle "CBM 176 Extra"]
[Source "ChessBase"]
[SourceDate "2017.03.02"]
[SourceVersion "1"]
[SourceVersionDate "2017.03.02"]
[SourceQuality "1"]

1. e4 c5 2. Nf3 e6 3. b3 b6 4. d4 cxd4 5. Nxd4 a6 6. Bd3 Bb7 7. O-O Qc7 8. Bb2
Nf6 9. Qe2 Nc6 10. Nxc6 Qxc6 11. Nd2 Be7 12. c4 O-O 13. f4 d6 14. Kh1 Nd7 15.
Nf3 Qc7 16. Rac1 Rac8 17. Bb1 e5 18. f5 Bc6 19. b4 Qb8 20. Rcd1 b5 21. c5 Rfd8
22. cxd6 Bxd6 23. a3 Nf6 24. Rfe1 h6 25. Qf2 Qb7 26. Rxd6 Rxd6 27. Bxe5 Ng4 28.
Qg3 Nxe5 29. Nxe5 Rcd8 30. Ba2 Be8 31. Bd5 Qe7 32. Ng4 Qg5 33. h4 Qd2 34. f6 h5
35. Ne3 Rxf6 36. Nf5 Rxf5 37. exf5 Qxd5 38. f6 g6 39. Re5 Qd1+ 0-1

[Event "PAR-ch"]
[Site "Asuncion"]
[Date "2016.12.10"]
[Round "7"]
[White "Valiente, Cristobal"]
[Black "Delgado Ramirez, Neuris"]
[Result "0-1"]
[WhiteElo "2220"]
[BlackElo "2617"]
[PlyCount "50"]
[EventDate "2016.12.05"]
[EventType "tourn"]
[EventRounds "9"]
[EventCountry "PAR"]
[EventCategory "5"]
[SourceTitle "CBM 176 Extra"]
[Source "ChessBase"]
[SourceDate "2017.03.02"]
[SourceVersion "1"]
[SourceVersionDate "2017.03.02"]
[SourceQuality "1"]

1. e4 c5 2. Nc3 Nc6 3. g3 g6 4. Bg2 Bg7 5. d3 d6 6. Be3 Rb8 7. Qd2 b5 8. Nge2
b4 9. Nd1 e5 10. O-O Nge7 11. c3 O-O 12. f4 bxc3 13. bxc3 exf4 14. gxf4 f5 15.
Nf2 Qa5 16. Rfd1 Qa3 17. Qc1 Qa6 18. Ng3 Be6 19. d4 cxd4 20. cxd4 fxe4 21.
Nfxe4 Nb4 22. Bf1 Qa4 23. Nxd6 Nc2 24. Bb5 Rxb5 25. Nxb5 Nd5 0-1

[Event "PAR-ch"]
[Site "Asuncion"]
[Date "2016.12.11"]
[Round "8"]
[White "Delgado Ramirez, Neuris"]
[Black "Zacarias, M Ruben D"]
[Result "1-0"]
[WhiteElo "2617"]
[BlackElo "2187"]
[PlyCount "63"]
[EventDate "2016.12.05"]
[EventType "tourn"]
[EventRounds "9"]
[EventCountry "PAR"]
[EventCategory "5"]
[SourceTitle "CBM 176 Extra"]
[Source "ChessBase"]
[SourceDate "2017.03.02"]
[SourceVersion "1"]
[SourceVersionDate "2017.03.02"]
[SourceQuality "1"]

1. e4 c5 2. Nf3 d6 3. Bc4 Nc6 4. c3 Nf6 5. d3 g6 6. a3 Bg7 7. Nbd2 O-O 8. Ba2
e5 9. b4 Qe7 10. Nf1 Be6 11. Bg5 Bxa2 12. Rxa2 Qe6 13. Rb2 cxb4 14. axb4 d5 15.
Bxf6 Bxf6 16. Ne3 Ne7 17. c4 dxe4 18. dxe4 Rac8 19. O-O Bg7 20. Rd2 Qc6 21. Qb1
f5 22. c5 h6 23. exf5 Nxf5 24. Nxf5 gxf5 25. Rfd1 Rf7 26. Qb3 Rcc7 27. Rd6 Qb5
28. Qe6 Rce7 29. Qg6 Rf8 30. Rd8 Ref7 31. Nxe5 Rf6 32. Rxf8+ 1-0

[Event "Rio Branco op"]
[Site "Rio Branco"]
[Date "2016.12.16"]
[Round "1"]
[White "Neves, Luiz Augusto Moraes"]
[Black "Delgado Ramirez, Neuris"]
[Result "0-1"]
[WhiteElo "1799"]
[BlackElo "2617"]
[PlyCount "68"]
[EventDate "2016.12.16"]
[EventType "swiss"]
[EventRounds "6"]
[EventCountry "BRA"]
[SourceTitle "CBM 176 Extra"]
[Source "ChessBase"]
[SourceDate "2017.03.02"]
[SourceVersion "1"]
[SourceVersionDate "2017.03.02"]
[SourceQuality "1"]

1. d4 Nf6 2. c4 e5 3. dxe5 Ng4 4. Bf4 Nc6 5. Nf3 Bb4+ 6. Nbd2 Qe7 7. a3 Ngxe5
8. Nxe5 Nxe5 9. Bxe5 Bxd2+ 10. Qxd2 Qxe5 11. e3 b6 12. Rd1 d6 13. Qd5 Rb8 14.
Qxe5+ dxe5 15. Be2 Be6 16. O-O Ke7 17. Rd2 Rhd8 18. Rfd1 Rxd2 19. Rxd2 a5 20.
a4 Bd7 21. b3 c6 22. Ra2 Bf5 23. f3 Kd6 24. e4 Be6 25. Kf2 Kc5 26. Rd2 Kb4 27.
Rd3 b5 28. axb5 cxb5 29. cxb5 Bxb3 30. Rd7 a4 31. Ra7 a3 32. Bd3 a2 33. Ke2 Ba4
34. Rxa4+ Kxa4 0-1

[Event "Rio Branco op"]
[Site "Rio Branco"]
[Date "2016.12.16"]
[Round "2"]
[White "Delgado Ramirez, Neuris"]
[Black "Da Silva, Ricardo Moura"]
[Result "1-0"]
[WhiteElo "2617"]
[BlackElo "1945"]
[PlyCount "81"]
[EventDate "2016.12.16"]
[EventType "swiss"]
[EventRounds "6"]
[EventCountry "BRA"]
[SourceTitle "CBM 176 Extra"]
[Source "ChessBase"]
[SourceDate "2017.03.02"]
[SourceVersion "1"]
[SourceVersionDate "2017.03.02"]
[SourceQuality "1"]

1. e4 e5 2. Nf3 Nc6 3. c3 Nf6 4. Qa4 d6 5. d4 exd4 6. cxd4 Bd7 7. Nc3 Be7 8.
Be3 a6 9. Qc2 O-O 10. h3 Re8 11. Be2 h6 12. a3 Nh7 13. O-O Bf8 14. Rad1 Ne7 15.
Rfe1 c6 16. Bd3 g6 17. Qd2 h5 18. Bh6 d5 19. Bxf8 Rxf8 20. Ne5 dxe4 21. Bc4 Kg7
22. Nxe4 Nd5 23. Bxd5 cxd5 24. Nc5 Bc6 25. Qc2 Qd6 26. Re3 Rfe8 27. Rde1 Nf8
28. f4 f6 29. Nxc6 Rxe3 30. Rxe3 bxc6 31. Qf2 Kf7 32. f5 Re8 33. fxg6+ Nxg6 34.
Rxe8 Kxe8 35. Qf5 Kf7 36. Qxh5 Kg7 37. Qe2 Qg3 38. Qf2 Qxf2+ 39. Kxf2 a5 40.
Nb7 Nf4 41. Nxa5 1-0

[Event "Rio Branco op"]
[Site "Rio Branco"]
[Date "2016.12.17"]
[Round "3"]
[White "Souza Neves, Andrey Marcelo"]
[Black "Delgado Ramirez, Neuris"]
[Result "0-1"]
[WhiteElo "2235"]
[BlackElo "2617"]
[PlyCount "84"]
[EventDate "2016.12.16"]
[EventType "swiss"]
[EventRounds "6"]
[EventCountry "BRA"]
[SourceTitle "CBM 176 Extra"]
[Source "ChessBase"]
[SourceDate "2017.03.02"]
[SourceVersion "1"]
[SourceVersionDate "2017.03.02"]
[SourceQuality "1"]

1. e4 c5 2. Nf3 d6 3. d4 cxd4 4. Nxd4 Nf6 5. Nc3 a6 6. g3 e5 7. Nb3 Bg4 8. Be2
Be6 9. f4 Be7 10. f5 Bc8 11. a4 d5 12. Nxd5 Nxd5 13. Qxd5 Qxd5 14. exd5 Bxf5
15. c4 Bc2 16. Bd1 Be4 17. O-O Bd3 18. c5 f5 19. Re1 e4 20. Be3 Nd7 21. Rc1 Rc8
22. d6 Bf6 23. Nd4 g6 24. b4 a5 25. Bb3 axb4 26. Be6 Be5 27. Nb5 Rc6 28. Bd5
Nf6 29. Bxc6+ bxc6 30. Bd4 Ng4 31. Bxe5 Nxe5 32. Nd4 Kd7 33. Kg2 Rb8 34. Nb3 g5
35. Kh1 f4 36. gxf4 gxf4 37. Rg1 e3 38. Rg7+ Ke6 39. Re7+ Kf6 40. Nd4 Be4+ 41.
Kg1 Rg8+ 42. Kf1 Bd3+ 0-1

[Event "Rio Branco op"]
[Site "Rio Branco"]
[Date "2016.12.17"]
[Round "4"]
[White "Delgado Ramirez, Neuris"]
[Black "Cabrera, Dino Luis Hernandez"]
[Result "1/2-1/2"]
[WhiteElo "2617"]
[BlackElo "2066"]
[PlyCount "68"]
[EventDate "2016.12.16"]
[EventType "swiss"]
[EventRounds "6"]
[EventCountry "BRA"]
[SourceTitle "CBM 176 Extra"]
[Source "ChessBase"]
[SourceDate "2017.03.02"]
[SourceVersion "1"]
[SourceVersionDate "2017.03.02"]
[SourceQuality "1"]

1. b3 Nf6 2. Bb2 g6 3. d4 d5 4. Nc3 Bg7 5. Qd2 b6 6. e3 Ba6 7. Bxa6 Nxa6 8. Qd3
Qc8 9. h4 O-O 10. h5 Nb4 11. Qe2 Qg4 12. Nf3 Ne4 13. Kf1 c5 14. Rh4 Qf5 15.
Nxe4 dxe4 16. Ne5 cxd4 17. exd4 e3 18. Rh3 Qxc2 19. Qxc2 Nxc2 20. Rc1 Rac8 21.
fxe3 Nb4 22. Rc4 Bxe5 23. dxe5 Nd3 24. Bd4 Rxc4 25. bxc4 Rc8 26. hxg6 fxg6 27.
e4 Rf8+ 28. Rf3 Rxf3+ 29. gxf3 Nc5 30. Bxc5 bxc5 31. f4 e6 32. Kf2 Kg7 33. Kg3
Kf7 34. Kg4 Kg7 1/2-1/2

[Event "Rio Branco op"]
[Site "Rio Branco"]
[Date "2016.12.18"]
[Round "5"]
[White "Lima, Darcy Gustavo Macha"]
[Black "Delgado Ramirez, Neuris"]
[Result "1/2-1/2"]
[WhiteElo "2540"]
[BlackElo "2617"]
[PlyCount "67"]
[EventDate "2016.12.16"]
[EventType "swiss"]
[EventRounds "6"]
[EventCountry "BRA"]
[SourceTitle "CBM 176 Extra"]
[Source "ChessBase"]
[SourceDate "2017.03.02"]
[SourceVersion "1"]
[SourceVersionDate "2017.03.02"]
[SourceQuality "1"]

1. d4 Nf6 2. c4 e6 3. Nf3 b6 4. g3 Bb7 5. Bg2 g6 6. O-O Bg7 7. Nc3 Ne4 8. Nxe4
Bxe4 9. Ne1 Bxg2 10. Nxg2 O-O 11. Be3 d6 12. Qd2 Nc6 13. Rad1 Re8 14. Ne1 d5
15. Qc2 Qd6 16. Nf3 Nb4 17. Qa4 dxc4 18. Bf4 Qe7 19. Bg5 f6 20. Bd2 c5 21. dxc5
bxc5 22. a3 c3 23. axb4 cxd2 24. bxc5 Qxc5 25. Rxd2 Red8 26. Rfd1 Rxd2 27. Rxd2
Qb6 28. Qd7 Bf8 29. e4 Rb8 30. e5 Rb7 31. Qe8 Rb8 32. Qd7 Rb7 33. Qe8 Rb8 34.
Qd7 1/2-1/2

[Event "Rio Branco op"]
[Site "Rio Branco"]
[Date "2016.12.18"]
[Round "6"]
[White "Delgado Ramirez, Neuris"]
[Black "Carneiro, Marcos Venicios F"]
[Result "1-0"]
[WhiteElo "2617"]
[BlackElo "1988"]
[PlyCount "32"]
[EventDate "2016.12.16"]
[EventType "swiss"]
[EventRounds "6"]
[EventCountry "BRA"]
[SourceTitle "CBM 176 Extra"]
[Source "ChessBase"]
[SourceDate "2017.03.02"]
[SourceVersion "1"]
[SourceVersionDate "2017.03.02"]
[SourceQuality "1"]

1. e4 c5 2. Nf3 d6 3. Bc4 Nf6 4. d3 Nc6 5. c3 a6 6. Bb3 Bg4 7. Nbd2 Ne5 8. Qe2
b5 9. h3 Bh5 10. Nxe5 dxe5 11. g4 Bg6 12. Nf3 Qc7 13. a4 Rb8 14. axb5 axb5 15.
c4 b4 16. Ba4+ Nd7 1-0

[Event "Brasilia Terraviva op"]
[Site "Brasilia"]
[Date "2017.01.06"]
[Round "1"]
[White "Ricieri, Vinicius De Andrade"]
[Black "Delgado Ramirez, Neuris"]
[Result "0-1"]
[WhiteElo "1764"]
[BlackElo "2615"]
[PlyCount "40"]
[EventDate "2017.01.06"]
[EventType "swiss"]
[EventRounds "6"]
[EventCountry "BRA"]
[SourceTitle "CBM 176 Extra"]
[Source "ChessBase"]
[SourceDate "2017.03.02"]
[SourceVersion "1"]
[SourceVersionDate "2017.03.02"]
[SourceQuality "1"]

1. e4 c5 2. Nf3 g6 3. d3 Bg7 4. g3 d5 5. Nbd2 Nf6 6. Bg2 Nc6 7. c3 O-O 8. O-O
b6 9. Qe2 Ba6 10. exd5 Nxd5 11. Nc4 Qc7 12. Nfe5 Nxe5 13. Nxe5 Bxe5 14. Bxd5
Rad8 15. Bc4 b5 16. Bb3 b4 17. Re1 Bf6 18. c4 Bb7 19. Ba4 Qc8 20. Bh6 Qh3 0-1

[Event "Brasilia Terraviva op"]
[Site "Brasilia"]
[Date "2017.01.06"]
[Round "2"]
[White "Delgado Ramirez, Neuris"]
[Black "Mendes, Rodrigo Machado"]
[Result "1-0"]
[WhiteElo "2615"]
[BlackElo "1997"]
[PlyCount "89"]
[EventDate "2017.01.06"]
[EventType "swiss"]
[EventRounds "6"]
[EventCountry "BRA"]
[SourceTitle "CBM 176 Extra"]
[Source "ChessBase"]
[SourceDate "2017.03.02"]
[SourceVersion "1"]
[SourceVersionDate "2017.03.02"]
[SourceQuality "1"]

1. e4 e6 2. d4 d5 3. Nd2 dxe4 4. Nxe4 Nf6 5. Nxf6+ Qxf6 6. Nf3 Qd8 7. Bd3 Be7
8. Qe2 Nd7 9. Be3 c5 10. dxc5 Nxc5 11. Bb5+ Kf8 12. O-O a6 13. Rad1 Qc7 14. Bd3
Bd7 15. Bxc5 Bxc5 16. Ne5 Be8 17. Bc4 Rc8 18. Bb3 Bb5 19. c4 Be8 20. a3 Rd8 21.
Rxd8 Qxd8 22. Bc2 Qc7 23. b4 Bd4 24. Nf3 Bf6 25. Be4 Bc6 26. Bxc6 Qxc6 27. Rd1
Qc7 28. c5 Ke7 29. Qe4 h6 30. Nh4 Bxh4 31. Qxh4+ g5 32. Qe4 f5 33. Qf3 Rd8 34.
Re1 Kf6 35. g3 Qc6 36. Qh5 Rh8 37. Qd1 Kg6 38. Qd4 Re8 39. Rd1 Qa4 40. Qa1 a5
41. bxa5 h5 42. Rd6 Qxa5 43. Rd7 Rg8 44. Qe5 Kh6 45. Qf6+ 1-0

[Event "Brasilia Terraviva op"]
[Site "Brasilia"]
[Date "2017.01.07"]
[Round "3"]
[White "Souza Neves, Andrey Marcelo"]
[Black "Delgado Ramirez, Neuris"]
[Result "0-1"]
[WhiteElo "2239"]
[BlackElo "2615"]
[PlyCount "50"]
[EventDate "2017.01.06"]
[EventType "swiss"]
[EventRounds "6"]
[EventCountry "BRA"]
[SourceTitle "CBM 176 Extra"]
[Source "ChessBase"]
[SourceDate "2017.03.02"]
[SourceVersion "1"]
[SourceVersionDate "2017.03.02"]
[SourceQuality "1"]

1. d4 Nf6 2. c4 b6 3. Nc3 Bb7 4. Qc2 d5 5. cxd5 Nxd5 6. e4 Nxc3 7. bxc3 e5 8.
Nf3 Nd7 9. Bc4 Bd6 10. Ng5 O-O 11. O-O Qe7 12. f4 exf4 13. Nxf7 Rxf7 14. e5
Bxe5 15. Bxf7+ Qxf7 16. dxe5 f3 17. Bg5 Nxe5 18. Rae1 Re8 19. Bh4 Qh5 20. Qb3+
Kh8 21. Qb4 Rg8 22. g4 Nxg4 23. Bg3 f2+ 24. Rxf2 Nxf2 25. Bxf2 Qh3 0-1

[Event "Brasilia Terraviva op"]
[Site "Brasilia"]
[Date "2017.01.07"]
[Round "4"]
[White "Delgado Ramirez, Neuris"]
[Black "Aranha Filho, Alvaro Zimmermann"]
[Result "1-0"]
[WhiteElo "2615"]
[BlackElo "2306"]
[PlyCount "89"]
[EventDate "2017.01.06"]
[EventType "swiss"]
[EventRounds "6"]
[EventCountry "BRA"]
[SourceTitle "CBM 176 Extra"]
[Source "ChessBase"]
[SourceDate "2017.03.02"]
[SourceVersion "1"]
[SourceVersionDate "2017.03.02"]
[SourceQuality "1"]

1. e4 c5 2. Nf3 e6 3. b3 b6 4. Bb2 Bb7 5. Nc3 Nf6 6. e5 Ne4 7. Qe2 d5 8. Nd1
Ng5 9. Ng1 h6 10. f4 Nh7 11. Nf3 Be7 12. Nf2 h5 13. h4 Nf8 14. g3 a5 15. Bh3 g6
16. O-O Nc6 17. d3 d4 18. a3 a4 19. Ne4 b5 20. Nfg5 Nh7 21. Bg2 Qd7 22. Bc1
Nxg5 23. fxg5 Rf8 24. Bf4 Na5 25. bxa4 bxa4 26. Rab1 Bd5 27. Rb6 Qa7 28. Rfb1
Bxe4 29. Bxe4 Rc8 30. Bd2 c4 31. Bxa5 Qxa5 32. Bb7 Rc7 33. Qe4 Rg8 34. Ra6 Qc5
35. Ra8+ Bd8 36. Ba6 cxd3 37. Bxd3 Qd5 38. Qxd5 exd5 39. Rxa4 Ke7 40. Ra6 Rc8
41. e6 fxe6 42. Re1 Kf7 43. Rexe6 Bc7 44. Kg2 Ra8 45. Bb5 1-0

[Event "Brasilia Terraviva op"]
[Site "Brasilia"]
[Date "2017.01.08"]
[Round "5"]
[White "Quintiliano Pinto, Renato Rodrigues"]
[Black "Delgado Ramirez, Neuris"]
[Result "1/2-1/2"]
[WhiteElo "2484"]
[BlackElo "2615"]
[PlyCount "105"]
[EventDate "2017.01.06"]
[EventType "swiss"]
[EventRounds "6"]
[EventCountry "BRA"]
[SourceTitle "CBM 176 Extra"]
[Source "ChessBase"]
[SourceDate "2017.03.02"]
[SourceVersion "1"]
[SourceVersionDate "2017.03.02"]
[SourceQuality "1"]

1. d4 Nf6 2. c4 e6 3. Nf3 Bb4+ 4. Nbd2 O-O 5. a3 Be7 6. e4 d6 7. Be2 c5 8. d5
Re8 9. O-O Bf8 10. Re1 exd5 11. cxd5 a6 12. Bf1 Bg4 13. Qc2 Nbd7 14. a4 Bh5 15.
b3 Rc8 16. Bb2 Bg6 17. Bd3 Be7 18. a5 Nh5 19. g3 Bf6 20. Nc4 Bxb2 21. Qxb2 Qe7
22. Nh4 Ne5 23. Nxe5 dxe5 24. Nf3 Nf6 25. Qc3 h5 26. Nd2 h4 27. Bf1 Nh7 28. Bh3
Rcd8 29. Rac1 hxg3 30. hxg3 Qg5 31. Qe3 Qh5 32. Kg2 f5 33. Rxc5 fxe4 34. Nxe4
Bxe4+ 35. Qxe4 Ng5 36. Qg4 Qh6 37. Qh4 Qf6 38. Be6+ Nxe6 39. dxe6 Qxh4 40. gxh4
Rxe6 41. Rcxe5 Rxe5 42. Rxe5 Rd4 43. Kg3 Rb4 44. f4 Rxb3+ 45. Kg4 Kf7 46. h5 b6
47. axb6 Rxb6 48. Rc5 Rb1 49. Rc7+ Kg8 50. Ra7 Rg1+ 51. Kf5 Rh1 52. Kg6 Rg1+
53. Kf5 1/2-1/2

[Event "Brasilia Terraviva op"]
[Site "Brasilia"]
[Date "2017.01.08"]
[Round "6"]
[White "Delgado Ramirez, Neuris"]
[Black "Shumyatsky, Victor"]
[Result "1/2-1/2"]
[WhiteElo "2615"]
[BlackElo "2452"]
[PlyCount "32"]
[EventDate "2017.01.06"]
[EventType "swiss"]
[EventRounds "6"]
[EventCountry "BRA"]
[SourceTitle "CBM 176 Extra"]
[Source "ChessBase"]
[SourceDate "2017.03.02"]
[SourceVersion "1"]
[SourceVersionDate "2017.03.02"]
[SourceQuality "1"]

1. e4 c5 2. Nf3 e6 3. Nc3 d6 4. g3 Nf6 5. Bg2 Nc6 6. O-O Be7 7. d3 O-O 8. Re1
Rb8 9. e5 dxe5 10. Nxe5 Nxe5 11. Rxe5 b6 12. Re1 Bb7 13. Bf4 Bd6 14. Bxb7 Rxb7
15. Qf3 Rb8 16. Bxd6 Qxd6 1/2-1/2

[Event "Zicosur op 3rd"]
[Site "Antofagasta"]
[Date "2017.01.10"]
[Round "1"]
[White "Delgado Ramirez, Neuris"]
[Black "Cordero, Daniela"]
[Result "1-0"]
[WhiteElo "2615"]
[BlackElo "1926"]
[PlyCount "87"]
[EventDate "2017.01.10"]
[EventType "swiss"]
[EventRounds "9"]
[EventCountry "CHI"]
[SourceTitle "CBM 176 Extra"]
[Source "ChessBase"]
[SourceDate "2017.03.02"]
[SourceVersion "1"]
[SourceVersionDate "2017.03.02"]
[SourceQuality "1"]

1. d4 e6 2. Nf3 f5 3. Bf4 Nf6 4. e3 d6 5. c4 Be7 6. h3 O-O 7. Nc3 Qe8 8. Be2
Nbd7 9. Bh2 Ne4 10. Qc2 Ng5 11. Nd2 e5 12. d5 Nb6 13. f4 exf4 14. exf4 Ne4 15.
Ndxe4 fxe4 16. O-O-O c6 17. dxc6 bxc6 18. c5 dxc5 19. g4 Be6 20. Qxe4 Bd5 21.
Nxd5 cxd5 22. Qe6+ Qf7 23. Qxf7+ Rxf7 24. Bf3 Rd8 25. f5 Bg5+ 26. Kb1 Re7 27.
Rhe1 Rxe1 28. Rxe1 Nc4 29. Bd1 Bf6 30. Re2 Kf8 31. Bf4 h6 32. b3 Na3+ 33. Kc1
Nb5 34. Re6 Nd4 35. Ra6 Rd7 36. Bxh6 Be5 37. Be3 Kf7 38. g5 Rc7 39. Bh5+ Ke7
40. Bg4 Kf7 41. Kd2 Nc6 42. Bf3 Nb4 43. Re6 Bg3 44. Bh5+ 1-0

[Event "Zicosur op 3rd"]
[Site "Antofagasta"]
[Date "2017.01.11"]
[Round "2"]
[White "Garnier, Rene Augusto"]
[Black "Delgado Ramirez, Neuris"]
[Result "0-1"]
[WhiteElo "2175"]
[BlackElo "2615"]
[PlyCount "58"]
[EventDate "2017.01.10"]
[EventType "swiss"]
[EventRounds "9"]
[EventCountry "CHI"]
[SourceTitle "CBM 176 Extra"]
[Source "ChessBase"]
[SourceDate "2017.03.02"]
[SourceVersion "1"]
[SourceVersionDate "2017.03.02"]
[SourceQuality "1"]

1. e4 c5 2. Nf3 d6 3. Bb5+ Bd7 4. Bxd7+ Nxd7 5. O-O Ngf6 6. Nc3 g6 7. d3 Bg7 8.
h3 O-O 9. Be3 a6 10. Qd2 b5 11. Bh6 Rc8 12. Bxg7 Kxg7 13. Rae1 e6 14. Nd1 e5
15. Ne3 Nh5 16. Nd5 Ndf6 17. Nxf6 Qxf6 18. Kh2 Qe6 19. a3 f5 20. exf5 Rxf5 21.
Nh4 Rf7 22. g3 Qf6 23. Ng2 Qf3 24. Ne3 Rcf8 25. Ng4 Nf6 26. Nh6 Rc7 27. Qg5 Nd5
28. c4 Ne7 29. Ng4 Nf5 0-1

[Event "Zicosur op 3rd"]
[Site "Antofagasta"]
[Date "2017.01.11"]
[Round "3"]
[White "Delgado Ramirez, Neuris"]
[Black "Perez Gormaz, Matias Ariel"]
[Result "1-0"]
[WhiteElo "2615"]
[BlackElo "2431"]
[PlyCount "59"]
[EventDate "2017.01.10"]
[EventType "swiss"]
[EventRounds "9"]
[EventCountry "CHI"]
[SourceTitle "CBM 176 Extra"]
[Source "ChessBase"]
[SourceDate "2017.03.02"]
[SourceVersion "1"]
[SourceVersionDate "2017.03.02"]
[SourceQuality "1"]

1. e4 c5 2. Nf3 d6 3. Bb5+ Bd7 4. Bxd7+ Nxd7 5. O-O Ngf6 6. Nc3 g6 7. d3 Bg7 8.
h3 O-O 9. Be3 a6 10. Qd2 b5 11. Bh6 Rc8 12. Bxg7 Kxg7 13. Rae1 e6 14. Nd1 e5
15. Ne3 Nh5 16. Nd5 Ndf6 17. Nxf6 Qxf6 18. Kh2 Qe6 19. a3 f5 20. exf5 Rxf5 21.
Nh4 Rf7 22. g3 Qf6 23. Ng2 Qf3 24. Ne3 Rcf8 25. Ng4 Nf6 26. Nh6 Rc7 27. Qg5 Nd5
28. c4 Ne7 29. Ng4 Nf5 30. Kg1 1-0

[Event "Zicosur op 3rd"]
[Site "Antofagasta"]
[Date "2017.01.12"]
[Round "4"]
[White "Henriquez Villagra, Cristobal"]
[Black "Delgado Ramirez, Neuris"]
[Result "1/2-1/2"]
[WhiteElo "2535"]
[BlackElo "2615"]
[PlyCount "60"]
[EventDate "2017.01.10"]
[EventType "swiss"]
[EventRounds "9"]
[EventCountry "CHI"]
[SourceTitle "CBM 176 Extra"]
[Source "ChessBase"]
[SourceDate "2017.03.02"]
[SourceVersion "1"]
[SourceVersionDate "2017.03.02"]
[SourceQuality "1"]

1. e4 c5 2. Nf3 d6 3. d4 cxd4 4. Nxd4 Nf6 5. Nc3 a6 6. Bg5 e6 7. f4 h6 8. Bh4
Nbd7 9. Qe2 Qa5 10. O-O-O Be7 11. Kb1 Qh5 12. Bg3 Qxe2 13. Bxe2 g6 14. e5 dxe5
15. fxe5 Nh5 16. Bxh5 gxh5 17. Ne4 h4 18. Bf4 b5 19. Rhe1 Bb7 20. Nb3 Nb6 21.
Nd6+ Bxd6 22. exd6 Bxg2 23. Rd4 h3 24. Nc5 Nd7 25. Nd3 Kd8 26. a4 Re8 27. Bxh6
e5 28. Rb4 Re6 29. Bg5+ f6 30. Bh4 Rxd6 1/2-1/2

[Event "Zicosur op 3rd"]
[Site "Antofagasta"]
[Date "2017.01.12"]
[Round "5"]
[White "Delgado Ramirez, Neuris"]
[Black "Cuenca Jimenez, Jose Fernando"]
[Result "1-0"]
[WhiteElo "2615"]
[BlackElo "2492"]
[PlyCount "93"]
[EventDate "2017.01.10"]
[EventType "swiss"]
[EventRounds "9"]
[EventCountry "CHI"]
[SourceTitle "CBM 176 Extra"]
[Source "ChessBase"]
[SourceDate "2017.03.02"]
[SourceVersion "1"]
[SourceVersionDate "2017.03.02"]
[SourceQuality "1"]

1. e4 e6 2. d4 d5 3. Nd2 c5 4. Ngf3 cxd4 5. Nxd4 Nf6 6. exd5 Nxd5 7. N2f3 Bb4+
8. Bd2 O-O 9. Bxb4 Nxb4 10. Qd2 N8c6 11. Nxc6 Qxd2+ 12. Kxd2 Nxc6 13. Re1 b6
14. Bd3 Bb7 15. Be4 Rfd8+ 16. Kc1 Na5 17. Bxb7 Nxb7 18. Re3 Rac8 19. Rd1 Rxd1+
20. Kxd1 Kf8 21. Ra3 Na5 22. Ne5 f6 23. b4 fxe5 24. bxa5 b5 25. Kd2 Ke7 26. Rc3
Rxc3 27. Kxc3 Kd6 28. Kb4 a6 29. a4 bxa4 30. c4 e4 31. Kxa4 Kc5 32. Kb3 e5 33.
Kc3 h5 34. g3 Kd6 35. h3 Kc5 36. g4 hxg4 37. hxg4 g5 38. Kb3 Kd6 39. Kc2 Kc5
40. Kc3 Kd6 41. Kd2 Kc5 42. Ke3 Kxc4 43. Kxe4 Kb5 44. Kxe5 Kxa5 45. f4 gxf4 46.
Kxf4 Kb4 47. g5 1-0